Apabila saya makan

Bibliographic Details
Main Author: Suhr, Mandy
Other Authors: Mike Gordon (illustrasi)
Format: Book
Published: P.Jaya : Pan Earth , 1995
Series:Saya dilahirkan
Subjects:

MARC

LEADER 00000cam a2200000 7i4500
001 0000006196
002 000006687
005 20000330.0
020 |a 9837503181 
090 0 0 |a JF   |b SUH 
100 1 |a Suhr, Mandy 
245 1 0 |a Apabila saya makan   |c Mandy Suhr ; illustrasi oleh Mike Gordon 
260 |a P.Jaya :   |b Pan Earth ,   |c 1995 
300 |a 24p. :   |b ill. ;   |c 21cm. 
490 0 |a Saya dilahirkan 
650 0 0 |a Children's stories, Malay 
700 1 |a Mike Gordon ,   |e illustrasi 
999 |a 038579   |b BUKU   |c PINJAMAN   |e PERPUSTAKAAN KOMUNITI PETALING JAYA